000 01035nac a22002897a 4500
001 BR0003164
003 BR-BrBNA
005 20240105122436.0
008 230509b bl.|||m| |||| 00| 0 por d
040 _aBR-BrBNA
_bpor
_cBiblioteca Nacional de Agricultura
072 _aD50; H10; H20
090 _a4010 BR0003164
100 1 _aMoraes, G.J. de
100 1 _aSa, L.A.N. de
100 1 _aTambasco, F.J.
110 1 _aCentro Nacional de Pesquisa de Monitoramento e Avaliacao de Impacto Ambiental, Jaguariuna, SP (Brasil)
_91791
245 1 _aLegislacao brasileira sobre o intercambio de agentes de controle biologico
260 3 _aJaguariuna, SP (Brasil):
_c1996.
300 _a16 p.
490 _aDocumentos - Centro Nacional de Pesquisa de Monitoramento e Avaliacao de Impacto Ambiental (Brazil)
_vno. 3
_xISSN 1413-0084
650 _aControle Biologico
650 _aLegislacao
650 _aDoenca de Planta
650 _aPraga de Planta
909 _a202312
_bLúcia Elande
_c55
_dLúcia Elande
942 _2AGRIS
_n0
_cMS
999 _c291048
_d291048